Pozdrav zo slovenskej diaspóry

Bibliographic Details
Main Author: Kirschbaum, Jozef M., 1913-2001 (Author)
Format: Article
Language:Slovak
Subjects:

MARC

LEADER 00000nab a2200000 a 4500
001 vtls000592613
003 SK-MaSNL
005 20260303015904.0
008 160202c1994 xo 0 slo
015 |a SNBRA19rr/mm-uuuuu 
035 |a CL0592752 
040 |a SNKBUCL  |b slo  |c SNKBUCL  |e AACR2 
041 0 |a slo 
044 |a xo  |c SK 
080 |a 373.54(437.6)(091)  |2 1981 
080 |a 943.76"18/19"  |2 1981 
100 1 |a Kirschbaum, Jozef M.,  |d 1913-2001  |4 aut  |9 213302 
245 1 0 |a Pozdrav zo slovenskej diaspóry  |c Jozef M. Kirschbaum 
650 0 7 |a gymnáziá slovenské  |2 snkbucl  |9 900220 
651 7 |a Kláštor pod Znievom (Slovensko)  |2 snkbucl  |9 28361 
655 7 |a články zo zborníkov  |2 snkbucl  |9 166140 
773 0 |t Zborník Muzeálnej slovenskej spoločnosti  |d Martin : Muzeálna slovenská spoločnosť, 1994  |g S. 75-76  |z 8096702521 
850 |a Slovenská národná knižnica v Martine  |a MTA001 
852 |a SNK  |b KIS3GCP 
957 |a 5306 
958 |a RK 
958 |a SK 
992 |a RZB 
999 |c 1615321  |d 1617251